000 00789nam a2200217Ia 4500
003 GCL
008 140319s9999 xx 000 0 ara d
020 _a7269217977
040 _aGCL /
_cGCL
082 0 4 _aق
_b932
_bم م
100 1 _aمحمد عبد ربه التونسى
245 1 0 _aمعبد كوم امبو /
_cمحمد عبد ربه التونسى
260 _aالقاهرة :
_bالمجلس الاعلى للاثار ،
_c2005
300 _a64 ص ؛
_c20 سم
490 _aسلسلة الثقافة الاثرية والتاريخية مشروع المائة كتاب
_v44
650 0 4 _aالمعابد المصرية القديمة
650 0 4 _aالمعابد - تاريخ
650 0 4 _aالمعابد - مصر
650 0 4 _aمعبد كوم امبو
942 _2ddc
_cBK
999 _c8574
_d8574